书目信息 |
| 题名: |
二胡重奏练习
|
|
| 作者: | 赵寒阳 编著 | |
| 分册: | ||
| 出版信息: | 北京 人民音乐出版社 1999 |
|
| 页数: | 215页 | |
| 开本: | 26cm | |
| 丛书名: | ||
| 单 册: | ||
| 中图分类: | J648.211 | |
| 科图分类: | ||
| 主题词: | 二胡 , 重奏曲 , 二胡--重奏曲--练习曲--中国--选集 , 练习曲 | |
| 电子资源: | ||
| ISBN: | 7-103-01690-9 | |
| 000 | 00814nam0 2200253 450 | |
| 001 | 010040005080 | |
| 005 | 20070806180626.07 | |
| 010 | @a7-103-01690-9@dCNY16.50 | |
| 100 | @a20041123e20031999em y0chiy0110 ea | |
| 101 | 0 | @achi |
| 102 | @aCN@b110000 | |
| 105 | @ag z 000yy | |
| 200 | 1 | @a二胡重奏练习@9er hu chong zou lian xi@f赵寒阳编著 |
| 210 | @a北京@c人民音乐出版社@d1999@h2003 | |
| 215 | @a215页@d26cm | |
| 330 | @a本书着重于二声部的重奏练习,同时也提供了一些三声和四声部的训练材料,每一项又分为练习曲和乐曲两部分,其中大多数是富有中国民族特色的训练材料。 | |
| 606 | 0 | @a二胡 |
| 606 | 0 | @a重奏曲 |
| 606 | 0 | @a二胡@x重奏曲@x练习曲@y中国@j选集 |
| 606 | 0 | @a练习曲 |
| 690 | @aJ648.211@v4 | |
| 701 | 0 | @a赵寒阳@9zhao han yang@4编著 |
| 801 | 0 | @aCN@bRENTIAN@c20070806 |
| 905 | @a10447@dJ648.211@e137 | |
| 二胡重奏练习/赵寒阳编著.-北京:人民音乐出版社,1999(2003) |
| 215页;26cm |
| ISBN 7-103-01690-9:CNY16.50 |
| 本书着重于二声部的重奏练习,同时也提供了一些三声和四声部的训练材料,每一项又分为练习曲和乐曲两部分,其中大多数是富有中国民族特色的训练材料。 |
| ● |
| 相关链接 |
|
|
|
|
正题名:二胡重奏练习
索取号:J648.211/137
 
预约/预借
| 序号 | 登录号 | 条形码 | 馆藏地/架位号 | 状态 | 备注 |
| 1 | 0804285 | 208042857 | 第一样本阅览室/ [索取号:J648.211/137] | 在馆 | |
| 2 | 0804286 | 208042866 | 第一借阅区/ [索取号:J648.211/137] | 在馆 | |
| 3 | 0804287 | 208042875 | 第一借阅区/ [索取号:J648.211/137] | 在馆 | |
| 4 | 0804289 | 208042893 | 密集书库-音乐系/ [索取号:J648.211/137] | 在馆 |